00597nam a22001697a 450000500170000000800410001702000220005808200160008010000230009624500360011925000080015526000450016365000390020894200070024795201540025499900190040820250507121437.0250507b |||||||| |||| 00| 0 eng d a978-93-5465-855-6 a616.0757 R4 aKuppusamy Thayalan aTextbook of Radiological Safety a2nd bJaypee Brothers Medical Publishersc2024 vphysiotherapyxRadiological Safety cBK 00104070aNICHELIBbNICHELIBd2025-05-07eMasters Books Distributors, Kollamg1095.00l0o616.0757 R4p83703r2025-05-07 12:15:14w2025-05-07yBKk c248942d248942